| 000 | 00597nam a22001817a 4500 | ||
|---|---|---|---|
| 999 |
_c190994 _d190994 |
||
| 005 | 20220817105626.0 | ||
| 010 | _aENG-134448 | ||
| 020 |
_a9789387871915 _c500.00 |
||
| 035 | _aEN-117980 | ||
| 037 | _bDBAD/PUB | ||
| 082 | _a338.954 | ||
| 100 | _aRamya, A. | ||
| 245 |
_aIndustrialization And Economic Development in India/ _cA. Ramya |
||
| 260 |
_aMadurai _bShanlax Publications _c2020 |
||
| 270 |
_a61, 66 T.P.K. Main Road, Vasantha Nagar _bMadurai _e625003 _k0452-4208765 _mpublisher@shanlaxpublications.com |
||
| 300 |
_a313p. _c22cm(pbk) |
||
| 942 |
_2ddc _cEN _h338.954 _mRAM |
||